| 000 | 00502nam a22001817a 4500 | ||
|---|---|---|---|
| 999 |
_c186798 _d186798 |
||
| 005 | 20220316153941.0 | ||
| 010 | _aENG-132004 | ||
| 020 |
_a9789388150101 _c349.00 |
||
| 035 | _aEN-115536 | ||
| 037 | _bDBAD | ||
| 082 | _aS | ||
| 100 | _aPowar, Ranjit | ||
| 245 |
_aDusk Over the Mustard Fields/ _cRanjit Powar |
||
| 260 |
_aChandigarh _bThe Browser _c2020 |
||
| 270 |
_bChandigarh _aSCO 14-15, Sector 8-C _e160009 _mservice@thebrowser.org |
||
| 300 |
_a205p. _c20cm(pbk) |
||
| 942 |
_2ddc _cEN _hS _mPOW |
||